[Event "It (open)"]
[Site "masterchessopen.com Sandomier (Poland)"]
[Round "6"]
[White "Szymczak Zbigniew (POL)"]
[Black "Nowak Ignacy (POL)"]
[Result "0-1"]
[WhiteElo "2400"]
[BlackElo "2295"]

1.d4 e6 2.c4 Nf6 3.Nc3 Bb4 4.Qc2 d6 5.Nf3 O-O 6.Bd2 Nc6 7.a3 Bxc3 8.Bxc3 Qe7
9.e3 a5 10.Be2 Re8 11.O-O e5 12.d5 Nb8 13.b4 b6 14.e4 Nbd7 15.Nd2 axb4 16.axb4
Bb7 17.Nb3 c6 18.Bd2 Qf8 19.Be3 Rxa1 20.Rxa1 Ra8 21.f3 Rxa1+ 22.Nxa1 Qa8
23.Qb2 Qa4 24.Nc2 b5 25.dxc6 Bxc6 26.Na3 bxc4 27.b5 Bb7 28.Nxc4 d5 29.exd5
Nxd5 30.Nxe5 Nxe3 31.Nxd7 Qh4 32.g3 Qh3 {#R} 0-1

[Event "Ch URS (1 liga)"]
[Site "masterchessopen.com Baku (Azerbaijan)"]
[Round "4"]
[White "Grigorian Karen (RUS)"]
[Black "Savon Vladimir A (UKR)"]
[Result "1/2-1/2"]
[WhiteElo "2465"]
[BlackElo "2540"]

1.d4 Nf6 2.c4 e6 3.Nc3 Bb4 4.Qc2 d6 5.g3 e5 6.Nf3 e4 7.Nd2 Nc6 8.Ndxe4 Nxd4
9.Qd3 Bf5 10.Bg2 Qe7 11.O-O Bxe4 12.Qxd4 c5 13.Qd2 Bxg2 14.Kxg2 O-O-O 15.Nd5
Qe4+ 16.f3 Bxd2 17.fxe4 Bxc1 18.Raxc1 Nxd5 19.exd5 Rd7 20.Rf3 Re8 21.Kf2 Rde7
22.Rc2 f6 23.Rf4 Re5 24.Rh4 h6 25.Rf4 Kd7 26.Rd2 f5 27.Rc2 g5 28.Rf3 Ke7
29.Ra3 Ra8 30.Rb3 Rb8 31.Rcc3 Kf6 32.Re3 f4 33.gxf4 gxf4 34.Rxe5 Kxe5 35.Rh3
b5 36.b3 bxc4 37.bxc4 Kd4 38.Rxh6 Rd8 39.Rh4 Kxc4 40.Rxf4+ Kxd5 41.Ke3 Rg8
42.h4 Rg1 43.h5 Rh1 44.Rf5+ Kc6 45.Kd3 Rh4 46.e4 Kb5 47.e5 Rh3+ 48.Kc2 dxe5
49.Rxe5 Kb4 50.Re4+ c4 51.a3+ Kc5 52.Re7 a5 53.Re5+ Kd4 54.Rxa5 Rh2+ 55.Kd1 c3
{#d} 1/2-1/2

[Event "Ch Scotland"]
[Site "masterchessopen.com Glasgow (Scotland)"]
[Round "4"]
[White "Freeman Michael Roy (NZL)"]
[Black "Buchanan Walter F (SCO)"]
[Result "0-1"]
[WhiteElo "2218"]
[BlackElo "2127"]

1.d4 e6 2.c4 Nf6 3.Nc3 Bb4 4.Qc2 d6 5.a3 Bxc3+ 6.Qxc3 O-O 7.Bg5 h6 8.Bh4 Nc6
9.e3 Qe7 10.Bd3 e5 11.Ne2 Bg4 12.d5 Nb8 13.b4 Nbd7 14.e4 g5 15.Bg3 Bxe2
16.Kxe2 Nh5 17.f3 Nf4+ 18.Kf1 b6 19.Bc2 Kh8 20.Bf2 Rg8 21.g3 Nh3 22.Be3 Qf6
23.Ke2 Rae8 24.Ba4 Re7 25.Bxd7 Rxd7 26.c5 Qg6 27.cxb6 cxb6 28.Kd3 f5 29.Rac1
f4 30.Bg1 g4 31.Kc2 gxf3 32.Qxf3 Ng5 33.Qd3 Rc7+ 34.Kb2 Rxc1 35.Kxc1 Nxe4
36.Qc2 Qf5 37.Kb2 Rc8 38.Qb1 Rc3 39.Qf1 Rb3+ 40.Kc1 Rb1+ {#R} 0-1

[Event "Ch URS (1 liga)"]
[Site "masterchessopen.com Ashkhabad (Turkmenistan)"]
[Round "2"]
[White "Kakageldyev Amanmurad (TKM)"]
[Black "Savon Vladimir A (UKR)"]
[Result "1/2-1/2"]
[WhiteElo "2415"]
[BlackElo "2550"]

1.d4 Nf6 2.c4 e6 3.Nc3 Bb4 4.Qc2 d6 5.Nf3 Nbd7 6.Bd2 b6 7.g3 Bb7 8.Bg2 O-O
9.O-O c5 10.dxc5 Nxc5 11.Rfd1 Qe7 12.b3 Rac8 13.Qb2 e5 14.Ne1 Rfd8 15.Nc2 Bxc3
16.Bxc3 Bxg2 17.Kxg2 Nce4 18.Be1 d5 19.f3 Nc5 20.b4 Nb7 21.cxd5 Nxd5 22.Kg1
Qe6 23.Rac1 Nd6 24.Qb3 Nc7 25.Qxe6 Nxe6 26.Na3 Rxc1 27.Rxc1 Kf8 28.Kf2 b5
29.Kf1 Ke7 30.Bf2 Rd7 31.Rc6 Rb7 32.Ke1 Kd7 33.Rc3 a6 34.Nb1 Rc7 35.Rxc7+ Kxc7
36.Kd2 Nc4+ 37.Kc3 Kd6 38.a4 f5 39.axb5 axb5 40.Kd3 Nb2+ 41.Kc2 Na4 42.Kd3 Kd5
43.Nd2 Nb2+ 44.Kc2 Nc4 45.e4+ {#d} 1/2-1/2

[Event "Ch DDR"]
[Site "masterchessopen.com Eggesin (Germany)"]
[Round "7"]
[White "Starck Bodo (GER)"]
[Black "Raitza Olaf (GER)"]
[Result "1/2-1/2"]
[WhiteElo "2248"]
[BlackElo "2325"]

1.d4 Nf6 2.c4 e6 3.Nc3 Bb4 4.Qc2 d6 5.Nf3 O-O 6.Bd2 Qe7 7.a3 Bxc3 8.Bxc3 Nbd7
9.e3 b6 10.Be2 Bb7 11.O-O Ne4 12.Nd2 Nxc3 13.Qxc3 e5 14.b4 exd4 15.Qxd4 c5
16.Qc3 Rac8 17.Bf3 Nf6 18.Qd3 Bxf3 19.Nxf3 d5 20.cxd5 Rfd8 21.bxc5 Rxd5 22.Qa6
Rdxc5 23.Nd4 Ng4 24.h3 Ne5 25.Rfd1 g6 26.a4 Nc4 27.Nb5 Qe4 28.Rd4 Qe5 29.Rf1
Qe7 30.Nxa7 Ra8 31.Rxc4 Rxa7 32.Re4 Rxa6 33.Rxe7 Rxa4 34.Rb7 b5 35.Rb1 Ra5
36.g4 h5 37.Kg2 hxg4 38.hxg4 Rg5 39.Kg3 f5 40.f3 fxg4 41.f4 Rc5 42.Rd1 Ra8
43.Kxg4 Re8 44.Rdd7 Rcc8 45.Rxb5 Rxe3 46.Rb6 Re1 47.Rxg6+ Kf8 48.Rb6 Rg1+
49.Kf5 Rg7 50.Rd5 Rf7+ 51.Kg5 Rc1 52.Rf6 Rxf6 53.Kxf6 Rc6+ 54.Kg5 Kf7 55.Rd7+
Kf8 56.f5 Rb6 {#d} 1/2-1/2

[Event "It (b)"]
[Site "masterchessopen.com Prague (Czech Republic)"]
[Round "8"]
[White "Barabas Attila (HUN)"]
[Black "Voboril Pavel (CZE)"]
[Result "1/2-1/2"]
[WhiteElo "2001"]
[BlackElo "2003"]

1.d4 Nf6 2.c4 e6 3.Nc3 Bb4 4.Qc2 d6 5.Nf3 Nbd7 6.a3 Bxc3+ 7.Qxc3 Ne4 8.Qc2 f5
9.g3 O-O 10.Bg2 a5 11.b3 c5 12.O-O Qb6 13.Be3 Qc7 14.Nd2 Nef6 15.Nf3 e5
16.dxe5 Nxe5 17.Rad1 a4 18.Nxe5 axb3 19.Qxb3 dxe5 20.Bc1 Ra6 21.Bb2 Re8
22.Bd5+ Be6 23.Bxe6+ Raxe6 24.f3 Rb6 25.Qc2 Qc8 26.Rd2 h5 27.Rfd1 Kf7 28.Rd6
Qc7 29.Rxb6 Qxb6 30.Bc3 Qe6 31.Bb2 Re7 32.Rd2 Rd7 33.Rxd7+ Nxd7 34.Qc3 Nb6
35.Qb3 Kg6 36.Kf2 Nxc4 37.Qxb7 Nxb2 38.Qxb2 c4 39.Qc3 Qb6+ 40.Kf1 Qb1+ {#d}
1/2-1/2

[Event "Ch DDR"]
[Site "masterchessopen.com Suhl (Germany)"]
[Round "6"]
[White "Starck Bodo (GER)"]
[Black "Brueggemann Joachim (GER)"]
[Result "0-1"]
[WhiteElo "2248"]
[BlackElo "2339"]

1.d4 Nf6 2.c4 e6 3.Nc3 Bb4 4.Qc2 d6 5.Nf3 Nbd7 6.Bd2 e5 7.a3 Bxc3 8.Bxc3 e4
9.Nd2 Qe7 10.e3 c6 11.Be2 O-O 12.O-O Re8 13.Rae1 Nf8 14.f3 Bf5 15.fxe4 Bxe4
16.Nxe4 Nxe4 17.Bd3 Ng6 18.d5 c5 19.b4 b6 20.Bb2 Qh4 21.g3 Qg4 22.Qg2 f5 23.h3
Qg5 24.Kh2 Re7 25.h4 Qh6 26.Qh3 Rf8 27.Rxf5 Nf2 28.Rxf8+ Nxf8 29.Qf5 Rf7 {#R}
0-1

[Event "It (w)"]
[Site "masterchessopen.com Piotrkow Trybunalski (Poland)"]
[Date "1979.06.01"]
[Round "14"]
[White "Pytel Bozena (FRA)"]
[Black "Garcia Vicente Nieves (ESP)"]
[Result "1/2-1/2"]
[WhiteElo "1919"]
[BlackElo "2214"]

1.d4 Nf6 2.c4 e6 3.Nc3 Bb4 4.Qc2 d6 5.Nf3 Qe7 6.Bg5 Nbd7 7.e3 O-O 8.Bd3 Bxc3+
9.Qxc3 e5 10.dxe5 dxe5 11.Bc2 a5 12.e4 Re8 13.O-O h6 14.Bc1 Qb4 15.Bd2 Qxc3
16.Bxc3 Nh7 17.Rad1 f6 18.Rd5 a4 19.Ra5 Rxa5 20.Bxa5 b6 21.Bb4 c5 22.Ba3 Nb8
23.Bxa4 Rd8 24.Rd1 Rxd1+ 25.Bxd1 Bb7 26.Bc2 Nc6 27.b3 Nf8 28.Bb2 Ne6 29.Kf1
Kf7 30.g3 Bc8 31.a3 Nc7 32.Bc3 Bh3+ 33.Ke1 Na6 34.Nd2 g5 35.Bd1 Be6 36.Nf1 Nd4
37.Ne3 Ke7 38.Nd5+ Bxd5 39.cxd5 Nc7 40.Bxd4 exd4 41.Be2 Kd6 42.f4 gxf4 43.gxf4
f5 44.e5+ Kxd5 45.Bf3+ Ke6 46.a4 Ke7 47.Kf2 Ne6 48.Kg3 d3 49.Bd1 Nd4 50.Kf2
Nc2 {#d} 1/2-1/2

[Event "It (cat.9)"]
[Site "masterchessopen.com Smederevska Palanka (Yugoslavia)"]
[Round "0"]
[White "Haik Aldo (FRA)"]
[Black "Kurajica Bojan (CRO)"]
[Result "0-1"]
[WhiteElo "2440"]
[BlackElo "2545"]

1.d4 Nf6 2.c4 e6 3.Nc3 Bb4 4.Qc2 d6 5.Nf3 Nbd7 6.a3 Bxc3+ 7.Qxc3 a5 8.b3 b6
9.g3 Bb7 10.Bg2 c5 11.O-O O-O 12.Bb2 Qe7 13.Rad1 Ne4 14.Qe3 f5 15.Nd2 cxd4
16.Bxd4 e5 17.Nxe4 exd4 18.Qg5 Qe5 19.f4 Qe6 20.Nf2 Bxg2 21.Kxg2 a4 22.b4 Qxc4
23.Rd3 Rae8 24.Rfd1 Rxe2 25.Rxd4 Qc2 26.Rf1 Nf6 27.Kg1 Ne4 28.Rxe4 fxe4
29.Qd5+ Kh8 30.Qxd6 Rg8 31.Ng4 Rg2+ 32.Kh1 Rd2 33.Qe6 Rgd8 34.Ne3 Qd3 35.Re1
Re2 36.Rxe2 Qxe2 37.Qxb6 Rc8 {#R} 0-1

[Event "It (open)"]
[Site "masterchessopen.com Oslo (Norway)"]
[Round "0"]
[White "Ostenstad Berge (NOR)"]
[Black "Winge Stefan (SWE)"]
[Result "1-0"]
[WhiteElo "2469"]
[BlackElo "2268"]

1.d4 Nf6 2.c4 e6 3.Nc3 Bb4 4.Qc2 d6 5.a3 Bxc3+ 6.Qxc3 Nbd7 7.g3 O-O 8.Bg2 e5
9.Nf3 Re8 10.O-O c6 11.dxe5 dxe5 12.Rd1 Qc7 13.b4 Nb6 14.Qc2 c5 15.b5 Be6
16.Nd2 Ng4 17.a4 a5 18.Ne4 Rad8 19.h3 Rxd1+ 20.Qxd1 Nf6 21.Qd6 Rc8 22.Qxc7
Rxc7 23.Nd6 Nxc4 24.Nxb7 e4 25.Nd8 Rd7 26.Nxe6 Rd1+ 27.Bf1 fxe6 28.e3 Nd7
29.Kg2 Ncb6 30.Be2 Re1 31.Bg4 Kf7 32.f4 exf3+ 33.Bxf3 Ne5 34.Be4 Nbc4 35.Kf2
Rd1 36.Ke2 Rg1 37.Kf2 Rd1 38.Ke2 Rd8 39.Rb1 Nd7 40.Rb3 Ndb6 41.Rc3 Rc8 42.Bc6
Nd6 43.Bd2 Ndc4 44.Be1 h6 45.Rc2 Ke7 46.g4 e5 47.Bf2 e4 48.Bg3 Nd6 49.Be1 c4
50.Bxa5 Nxa4 {#r} 1-0

[Event "Tournament (juniors)"]
[Site "masterchessopen.com Sochi (Russia)"]
[Round "0"]
[White "Oll Lembit (EST)"]
[Black "Naumkin Igor (RUS)"]
[Result "1-0"]
[WhiteElo "2630"]
[BlackElo "2325"]

1.d4 Nf6 2.c4 e6 3.Nc3 Bb4 4.Qc2 d6 5.Nf3 c5 6.dxc5 dxc5 7.a3 Bxc3+ 8.Qxc3 O-O
9.Bg5 Nbd7 10.e3 b6 11.Ne5 Qc7 12.Nxd7 Nxd7 13.f3 f6 14.Bh4 Rd8 15.Bg3 e5
16.Bd3 Bb7 17.O-O-O Nf8 18.Rd2 Rd7 19.Rhd1 Rad8 20.f4 exf4 21.Bxf4 Qc6 22.Bf5
Rxd2 23.Rxd2 Rxd2 24.Qxd2 Qa4 25.Bd3 Qe8 26.Bd6 Ne6 27.h4 Nd8 28.b3 Nf7 29.Bf4
Ne5 30.Bc2 Bc6 31.g3 Qe7 32.h5 Qe8 33.Qd6 Ng4 34.Bf5 Bf3 35.Bd7 Qa8 36.Qe6+
Kh8 37.Bc8 g5 38.Qe8+ Kg7 39.Qe7+ Kh6 40.Bxg4 {#r} 1-0

[Event "It (open) \"]
[Site "masterchessopen.com Buenos Aires (Argentina)"]
[Round "9"]
[White "Anelli Antonio (ARG)"]
[Black "Roca Alfredo (ARG)"]
[Result "1/2-1/2"]
[WhiteElo "2145"]
[BlackElo "2364"]

1.d4 Nf6 2.c4 e6 3.Nc3 Bb4 4.Qc2 d6 5.a3 Bxc3+ 6.Qxc3 O-O 7.Nf3 b6 8.e3 Bb7
9.Bd3 e5 10.dxe5 dxe5 11.Nxe5 Bxg2 12.Rg1 Be4 13.Ng4 Nxg4 14.Bxe4 Qh4 15.Rxg4
Qxg4 16.Bxa8 Rd8 17.Qc2 c6 18.b3 Qg1+ 19.Ke2 Qg4+ 20.Ke1 Qg1+ {#d} 1/2-1/2

[Event "Ch Italy"]
[Site "masterchessopen.com Chianciano Terme (Italy)"]
[Round "3"]
[White "Sanna Gianlazzaro (ITA)"]
[Black "Vallifuoco Giacomo (ITA)"]
[Result "1/2-1/2"]
[WhiteElo "2335"]
[BlackElo "2365"]

1.d4 Nf6 2.c4 e6 3.Nc3 Bb4 4.Qc2 d6 5.Nf3 Nbd7 6.g3 b6 7.Bg2 Bb7 8.O-O Bxc3
9.Qxc3 O-O 10.b3 Qe7 11.Bb2 c5 12.dxc5 bxc5 13.Rad1 Rfd8 14.Ne1 Bxg2 15.Nxg2
a5 16.a4 {#d} 1/2-1/2

[Event "Cup Warsaw"]
[Site "masterchessopen.com Warsaw (Poland)"]
[Round "5"]
[White "Kojder Konrad (POL)"]
[Black "Panczyk Krzysztof (POL)"]
[Result "1/2-1/2"]
[WhiteElo "2290"]
[BlackElo "2410"]

1.d4 Nf6 2.c4 e6 3.Nc3 Bb4 4.Qc2 d6 5.a3 Bxc3+ 6.Qxc3 Nbd7 7.Nf3 b6 8.g3 Bb7
9.Bg2 O-O 10.O-O c5 11.b4 Rc8 12.dxc5 bxc5 13.b5 Qe7 14.Bg5 e5 15.Nh4 Bxg2
16.Kxg2 {#d} 1/2-1/2

[Event "It (open)"]
[Site "masterchessopen.com Belgrade (Yugoslavia)"]
[Round "2"]
[White "Azmaiparashvili Zurab (GEO)"]
[Black "Shamkovich Leonid (USA)"]
[Result "1-0"]
[WhiteElo "2540"]
[BlackElo "2450"]

1.d4 Nf6 2.c4 e6 3.Nc3 Bb4 4.Qc2 d6 5.Bg5 Nbd7 6.e3 Qe7 7.Ne2 h6 8.Bh4 b6
9.O-O-O Bxc3 10.Nxc3 Bb7 11.f3 O-O 12.e4 Rfd8 13.g4 c5 14.d5 Nf8 15.Bd3 Ng6
16.Bg3 e5 17.Ne2 Nd7 18.h4 a6 19.Kb1 Rac8 20.Qc1 b5 21.Be1 Re8 22.Bd2 bxc4
23.Bxc4 Rb8 24.Ng3 Nf4 25.Nf5 Qf8 26.Bxf4 exf4 27.Qxf4 Ne5 28.Rc1 Bc8 29.Ne3
g6 30.Rh2 Qg7 31.g5 h5 32.Bf1 Rb4 33.Nc4 Nxc4 34.Bxc4 Qd4 35.Rd2 Qe5 36.Qxe5
Rxe5 37.Rd3 a5 38.Re3 Re7 39.a3 Rb8 40.Kc2 Reb7 41.Rb3 Rxb3 42.Bxb3 Ba6 43.Kc3
f6 44.gxf6 Rf8 45.Bc4 Bxc4 46.Kxc4 Rxf6 47.Rc3 Rf4 48.Kb5 Kf7 49.Kc6 Rxh4
50.Kxd6 Rh1 51.Rxc5 {#r} 1-0

[Event "?"]
[Site "masterchessopen.com Belgrade (Yugoslavia)"]
[Round "0"]
[White "Bagirov Vladimir (LAT)"]
[Black "Chernin Alexander (HUN)"]
[Result "1/2-1/2"]
[WhiteElo "2465"]
[BlackElo "2565"]

1.d4 Nf6 2.c4 e6 3.Nc3 Bb4 4.Qc2 d6 5.Nf3 Nbd7 6.g3 b6 7.Bg2 Bb7 8.Bd2 O-O
9.O-O Bxc3 10.Bxc3 Be4 11.Qd2 c6 12.Rac1 Re8 13.Rfd1 Qb8 14.b3 Qb7 15.Ne1 Bxg2
16.Nxg2 Ne4 17.Qf4 d5 18.Ba1 Nf8 19.f3 Ng6 20.Qe3 Nf6 21.Rc2 Rac8 22.Rdc1 b5
23.Ne1 bxc4 24.bxc4 Nd7 25.Qb3 Qa8 26.Nd3 Nb6 27.cxd5 cxd5 28.Rxc8 Rxc8
29.Rxc8+ Qxc8 {#d} 1/2-1/2

[Event "?"]
[Site "masterchessopen.com Belgrade (Yugoslavia)"]
[Round "0"]
[White "Barbero Gerardo F (ARG)"]
[Black "Zlotnik Boris A (RUS)"]
[Result "1-0"]
[WhiteElo "2505"]
[BlackElo "2440"]

1.d4 Nf6 2.c4 e6 3.Nc3 Bb4 4.Qc2 d6 5.Bg5 Nbd7 6.e3 O-O 7.Bd3 h6 8.Bh4 b6
9.Ne2 Bb7 10.O-O d5 11.cxd5 exd5 12.f3 Be7 13.Rae1 a6 14.Bf2 c5 15.Qd2 b5
16.Ng3 Re8 17.Bb1 Bf8 18.dxc5 Bxc5 19.e4 dxe4 20.Ngxe4 Nxe4 21.Nxe4 Bxf2+
22.Qxf2 Re6 23.Rd1 Qe7 24.Qd4 Bc6 25.Nd6 Nf6 26.Nf5 Qf8 27.Rfe1 Rae8 28.Rxe6
Rxe6 29.Qf2 Bd7 30.h3 g6 31.Nd4 Re5 32.a3 Qe7 33.Ba2 Kg7 34.Qd2 Nh5 35.Nc2 Bf5
36.Nb4 Re2 37.Qd4+ Kh7 38.Rd2 Nf4 39.Qxf4 Re1+ 40.Kh2 Qa7 41.Qd4 Qc7+ 42.f4
Qc1 43.Nd5 Rh1+ 44.Kg3 g5 45.fxg5 hxg5 46.Rf2 Qg1 47.Nf6+ Kg6 48.Bxf7+ Kxf7
49.Qd5+ Be6 50.Qb7+ {#r} 1-0

[Event "It"]
[Site "masterchessopen.com Geneva (Switzerland)"]
[Round "0"]
[White "Kouatly Bachar (FRA)"]
[Black "Gobet Fernand (SUI)"]
[Result "1/2-1/2"]
[WhiteElo "2450"]
[BlackElo "2405"]

1.d4 Nf6 2.c4 e6 3.Nc3 Bb4 4.Qc2 d6 5.Bd2 O-O 6.Nf3 b6 7.e4 e5 8.d5 Nbd7 9.a3
Bxc3 10.Bxc3 Nc5 11.Nd2 Bd7 12.Rc1 Na4 13.b4 Nxc3 14.Qxc3 c6 15.dxc6 Bxc6
16.f3 Nh5 17.g3 g6 18.Be2 Qg5 19.c5 dxc5 20.bxc5 b5 21.Nb3 a5 22.Qd2 Qxd2+
23.Kxd2 Ng7 24.Ke3 Ne6 25.Rhd1 Rfc8 26.Rd6 a4 27.Na1 Rab8 28.Rc3 b4 29.axb4
Rxb4 30.Ba6 Bb7 31.Bxb7 {#d} 1/2-1/2

[Event "Bundesliga 1987/88 (2nd)"]
[Site "masterchessopen.com Germany"]
[Round "0"]
[White "Dietz Holger (GER)"]
[Black "Unger Michael (GER)"]
[Result "0-1"]
[WhiteElo "2310"]
[BlackElo "2177"]

1.d4 Nf6 2.c4 e6 3.Nc3 Bb4 4.Qc2 d6 5.Bg5 Nbd7 6.e3 h6 7.Bh4 b6 8.Bd3 Bb7 9.f3
Qe7 10.Ne2 Bxc3+ 11.Nxc3 a6 12.O-O O-O 13.b4 c5 14.Rab1 cxb4 15.Rxb4 d5 16.c5
Bc6 17.Bxf6 gxf6 18.Na4 b5 19.Nc3 f5 20.Rb2 Qf6 21.f4 Kh8 22.Rfb1 Qh4 23.a4
bxa4 24.Nxa4 Nf6 25.Nb6 Rab8 26.Qe2 Rg8 27.Qf3 Ng4 28.g3 Nxh2 29.Rxh2 Rxg3+
30.Kh1 Qxh2+ 31.Kxh2 Rxf3 32.Bxa6 Rxe3 33.Bb5 Bxb5 34.Rxb5 Rc3 35.Ra5 Kg7
36.Ra7 Rd3 37.Ra4 Rb3 38.Nd7 Rb2+ 39.Kg1 R8b4 40.Rxb4 Rxb4 41.c6 Rxd4 42.Ne5
Rd1+ 43.Kf2 Rc1 44.Ke2 f6 45.Kd2 Rc5 {#R} 0-1

[Event "Olympiad"]
[Site "masterchessopen.com Salonika (Greece)"]
[Round "0"]
[White "Panno Oscar (ARG)"]
[Black "Ionescu Constantin (ROM)"]
[Result "1-0"]
[WhiteElo "2438"]
[BlackElo "2436"]

1.d4 Nf6 2.c4 e6 3.Nc3 Bb4 4.Qc2 d6 5.a3 Bxc3+ 6.Qxc3 O-O 7.Bg5 Re8 8.e3 Nbd7
9.Nf3 Qe7 10.Bd3 e5 11.dxe5 dxe5 12.Nd2 a5 13.b3 Nf8 14.O-O h6 15.Bxf6 Qxf6
16.c5 Bf5 17.Bxf5 Qxf5 18.Nc4 a4 19.b4 e4 20.Qc2 Re6 21.f4 b5 22.Ne5 h5 23.Nf3
Rd8 24.Rad1 Rd3 25.Nd4 Qd5 26.Rxd3 exd3 27.Qxd3 c6 28.Rd1 Rg6 29.g3 h4 30.Nf5
Qe6 31.Nxh4 Rf6 32.Nf3 Qa2 33.Rd2 Qa1+ 34.Kg2 Ne6 35.f5 Nf8 36.e4 Nh7 37.e5
Rh6 38.g4 Nf8 39.Qe3 Qb1 40.Qd3 Qc1 41.Re2 Qf4 42.h3 {#r} 1-0

[Event "Ch BRD"]
[Site "masterchessopen.com Bad Neuenahr (Germany)"]
[Round "0"]
[White "Schlosser Philipp (GER)"]
[Black "Schmittdiel Eckhard (GER)"]
[Result "0-1"]
[WhiteElo "2591"]
[BlackElo "2425"]

1.d4 Nf6 2.c4 e6 3.Nc3 Bb4 4.Qc2 d6 5.Nf3 Nbd7 6.g3 b6 7.Bg2 Bb7 8.O-O Bxc3
9.Qxc3 a5 10.b3 O-O 11.Bb2 Qe7 12.Rad1 Ne4 13.Qe3 f5 14.d5 Rae8 15.Nd4 Ndc5
16.dxe6 Ba8 17.a3 Qf6 18.e7 Qxe7 19.b4 axb4 20.axb4 Na6 21.f3 Nf6 22.Qb3 d5
23.Nxf5 Qxb4 24.Qxb4 Nxb4 25.Ba3 c5 26.Bxb4 cxb4 27.cxd5 Rxe2 28.d6 Nd5
29.Rxd5 Bxd5 30.Ne7+ Rxe7 31.dxe7 Re8 32.Rd1 Bc4 33.Rd4 b5 34.Bf1 Rxe7
35.Bxc4+ bxc4 36.Rxc4 Rb7 37.Kf2 Kf7 38.Ke3 b3 39.Rc1 Ke6 40.Rb1 Kd5 41.Kd3
Rf7 42.f4 Rb7 43.Rb2 h5 44.h3 Rb6 45.g4 hxg4 46.hxg4 Rb4 47.Ke3 Kc4 48.Rb1 Kc3
49.Rc1+ Kb2 50.Rc7 g5 51.fxg5 Rxg4 52.Rg7 Kc2 53.Kf3 Rc4 54.g6 {#R} 0-1

[Event "Ch BRD"]
[Site "masterchessopen.com Bad Neuenahr (Germany)"]
[Round "0"]
[White "Wegner Hannu (GER)"]
[Black "Schmittdiel Eckhard (GER)"]
[Result "0-1"]
[WhiteElo "2358"]
[BlackElo "2425"]

1.d4 e6 2.c4 Nf6 3.Nc3 Bb4 4.Qc2 d6 5.Bg5 h6 6.Bh4 Nc6 7.e3 g5 8.Bg3 Bxc3+
9.Qxc3 Ne4 10.Qc2 Nxg3 11.hxg3 Qf6 12.Nf3 Bd7 13.d5 Ne7 14.dxe6 fxe6 15.Bd3
Bc6 16.O-O-O O-O-O 17.Be4 d5 18.cxd5 exd5 19.Bd3 Kb8 20.Kb1 Rdf8 21.Rd2 Bd7
22.Rc1 c6 23.Nd4 h5 24.b4 h4 25.gxh4 gxh4 26.Qb3 Rhg8 27.Bf1 Nf5 28.Ne2 Nd6
29.Nf4 Bf5+ 30.Bd3 Nc4 31.Rdc2 Bxd3 32.Qxd3 Qe7 33.Qb3 a5 34.a3 Rf7 35.Ka2
axb4 36.Qxb4 Qe4 37.a4 Rc7 38.Qb3 Na5 39.Qa3 b6 40.f3 Qe5 41.Qb4 Rb7 42.Qd4
Qe8 43.Nd3 Nc4 44.Nb2 b5 45.e4 b4 46.Rf2 b3+ 47.Ka1 Na3 48.exd5 Nc2+ 49.Rfxc2
bxc2 50.Rxc2 cxd5 51.Qxd5 Rg6 52.Rd2 Qe3 53.Ka2 Rgb6 54.Rc2 Ka7 55.Qa5+ Ra6
56.Qd5 Qb6 57.Qc4 Ra5 58.Qxh4 Qb3+ 59.Kb1 Rxa4 60.Qf6 Qa3 61.Kc1 Rd7 62.Rc8
Qb3 63.Kb1 Rd1+ {#R} 0-1

[Event "It (open)"]
[Site "masterchessopen.com Biel (Switzerland)"]
[Round "0"]
[White "Marinelli Tullio (ITA)"]
[Black "Balashov Yuri S (RUS)"]
[Result "0-1"]
[WhiteElo "2373"]
[BlackElo "2535"]

1.d4 Nf6 2.c4 e6 3.Nc3 Bb4 4.Qc2 d6 5.Nf3 Nbd7 6.a3 Bxc3+ 7.bxc3 O-O 8.e4 e5
9.Bd3 Re8 10.O-O Nf8 11.c5 Ng6 12.cxd6 cxd6 13.Re1 Bg4 14.Nd2 Rc8 15.f3 Bd7
16.Qb3 d5 17.Nf1 exd4 18.cxd4 dxe4 19.fxe4 Bc6 20.Ng3 Nxe4 21.Nxe4 Bxe4
22.Bxe4 Qxd4+ 23.Be3 Qxe4 24.Bf2 Qc6 25.Bxa7 h6 26.Rf1 Re7 27.Bd4 Qe4 28.Rad1
Nf4 29.Qb2 Rc2 {#R} 0-1

[Event "It \"]
[Site "masterchessopen.com Budapest (Hungary)"]
[Round "0"]
[White "Marinelli Tullio (ITA)"]
[Black "Schmittdiel Eckhard (GER)"]
[Result "1/2-1/2"]
[WhiteElo "2373"]
[BlackElo "2425"]

1.d4 Nf6 2.c4 e6 3.Nc3 Bb4 4.Qc2 d6 5.Nf3 Qe7 6.g3 Bxc3+ 7.Qxc3 b6 8.Bg2 Bb7
9.Bg5 Nbd7 10.O-O O-O 11.Rfd1 h6 12.Bxf6 Nxf6 13.Rac1 a5 14.Qe3 Nd7 15.Ne5
Bxg2 16.Nxd7 Qxd7 17.Kxg2 a4 18.Qa3 Ra5 19.Kg1 e5 20.c5 exd4 21.cxb6 cxb6
22.Rxd4 Qh3 23.Qxd6 Rh5 24.g4 Rb5 25.Rc2 h5 26.Rxa4 hxg4 27.Qg3 Rd8 28.Qxh3
gxh3 29.f4 Rd1+ 30.Kf2 Rh1 31.Kg3 Rg1+ 32.Kh4 g6 33.f5 Rxf5 34.Kxh3 Re5 35.Rg4
Re1 36.Rg2 Kg7 37.Kg3 Rh1 38.Kf3 Rf1+ 39.Kg3 Re3+ 40.Kg4 Kh6 41.Rg3 Re4+
42.Kh3 Re5 43.Kg2 Re1 44.Kf2 {#d} 1/2-1/2

[Event "It (open) \"]
[Site "masterchessopen.com Budapest (Hungary)"]
[Round "0"]
[White "Rustler Manfred (GER)"]
[Black "Zlotnik Boris A (RUS)"]
[Result "0-1"]
[WhiteElo "2266"]
[BlackElo "2433"]

1.d4 Nf6 2.c4 e6 3.Nc3 Bb4 4.Qc2 d6 5.Nf3 Nbd7 6.Bd2 O-O 7.a3 Bxc3 8.Bxc3 c5
9.O-O-O cxd4 10.Rxd4 Qb6 11.e3 e5 12.Rh4 a5 13.g4 g6 14.g5 Ne8 15.Nd2 Nc5
16.Bh3 Bxh3 17.Rxh3 Qc6 18.Rf1 b5 19.cxb5 Qxb5 20.e4 Rc8 21.f4 Ng7 22.fxe5
dxe5 23.Kb1 Rfd8 24.Rhf3 Nge6 25.R1f2 Nxg5 26.Re3 a4 27.h4 Nge6 28.Ref3 Nd4
29.Bxd4 exd4 30.Qc4 Qxc4 31.Nxc4 Nb3 32.Rxb3 axb3 33.Nd2 Rc2 {#R} 0-1

[Event "It (w)"]
[Site "masterchessopen.com Dortmund (Germany)"]
[Round "1"]
[White "Kas-Fromm Rita Dr (GER)"]
[Black "Zahn Nicol (GER)"]
[Result "1-0"]
[WhiteElo "2195"]
[BlackElo "1937"]

1.d4 Nf6 2.c4 e6 3.Nc3 Bb4 4.Qc2 d6 5.a3 Bxc3+ 6.Qxc3 c5 7.e3 O-O 8.Bd3 Nc6
9.Ne2 e5 10.O-O Re8 11.d5 e4 12.dxc6 exd3 13.cxb7 Bxb7 14.Qxd3 Ne4 15.f3 Ng5
16.e4 Qf6 17.Bd2 Rad8 18.Bc3 Qh6 19.Ng3 Ne6 20.Nf5 Qg6 21.Rad1 Bc8 22.Qc2 Nf4
23.Nxg7 Bh3 24.Rf2 Re6 25.Nxe6 fxe6 26.Kh1 Bxg2+ 27.Rxg2 Qxg2+ 28.Qxg2+ Nxg2
29.Kxg2 Kf7 30.Kf2 Ke7 {#r} 1-0

[Event "Tournament"]
[Site "masterchessopen.com Esbjerg (Denmark)"]
[Round "7"]
[White "Maarup Michael (DEN)"]
[Black "Sloth Jorn (DEN)"]
[Result "0-1"]
[WhiteElo "2154"]
[BlackElo "2328"]

1.d4 Nf6 2.c4 e6 3.Nc3 Bb4 4.Qc2 d6 5.Bg5 Nbd7 6.Nf3 O-O 7.e4 e5 8.dxe5 dxe5
9.O-O-O Bxc3 10.Qxc3 Nxe4 11.Bxd8 Nxc3 12.bxc3 Rxd8 13.Nxe5 f6 14.Ng4 Re8
15.Ne3 c6 16.Bd3 Nc5 17.Bc2 Be6 18.Rd4 Rad8 19.Rhd1 Rd7 20.Bf5 Rde7 21.Bxe6+
Rxe6 22.Re1 f5 23.Kc2 g6 24.Rb1 Kf7 25.Rh4 h5 26.Rd4 R8e7 27.h3 Rf6 28.Nd1 b6
29.Rb2 Re2+ 30.Kc1 Rfe6 31.Rbd2 Ke7 32.Kc2 R6e4 33.f3 Re6 34.Rxe2 Rxe2+ 35.Rd2
Re1 36.Nf2 Ra1 37.Kb2 Rg1 38.Nd1 Ne6 39.Kc2 Re1 40.Nf2 Ra1 41.Kb2 Rg1 42.Nd3
Kf6 43.Nb4 Nf4 44.g4 fxg4 45.fxg4 hxg4 46.hxg4 c5 47.Nd5+ Kg5 48.Nxf4 Kxf4
49.Rd7 Kxg4 50.Rxa7 Re1 51.a4 g5 52.Ra6 Re6 53.a5 Re2+ 54.Kb3 bxa5 55.Rxa5 Re5
56.Ra8 Kf3 57.Rf8+ Ke3 58.Rg8 Kf4 59.Kc2 g4 60.Kd3 g3 61.Rf8+ Rf5 62.Rg8 Kf3
{#R} 0-1

[Event "Bundesliga 1989/90 (2nd)"]
[Site "masterchessopen.com Germany"]
[Round "0"]
[White "Geisler Robert (GER)"]
[Black "Chochulski Artur (POL)"]
[Result "0-1"]
[WhiteElo "2255"]
[BlackElo "2280"]

1.d4 Nf6 2.c4 e6 3.Nc3 Bb4 4.Qc2 d6 5.Nf3 O-O 6.Bg5 Nbd7 7.a3 Bxc3+ 8.Qxc3 Qe7
9.e3 e5 10.b4 a5 11.Be2 exd4 12.Nxd4 axb4 13.axb4 Rxa1+ 14.Qxa1 d5 15.Qb2 c5
16.bxc5 Qxc5 17.Qb5 Qa3 18.O-O Ne4 19.Qxd5 Nc3 20.Qf3 Ne5 21.Qg3 Qc5 22.Bf3 f6
23.Bd5+ Nxd5 24.cxd5 Qxd5 25.Bf4 b5 26.h3 Bd7 27.Bxe5 fxe5 28.Nf3 Re8 29.Qh4
Bc6 30.Rb1 Qd3 31.Qb4 Bxf3 32.gxf3 Rb8 33.Qb3+ Qxb3 34.Rxb3 Kf7 35.Kf1 Ke6
36.Ke2 Kd5 37.Kd3 b4 38.Rb1 Rb7 39.Kc2 Kc4 40.Rg1 b3+ 41.Kb2 Kd3 42.Rg5 Re7
43.Kxb3 Ke2 44.f4 exf4 45.exf4 Kxf2 46.Kc4 Kf3 47.Kd5 Kxf4 48.Rg4+ Kf5 49.Kd6
Ra7 50.Rg1 g5 51.Rf1+ Kg6 52.Rf3 Ra5 53.Ke6 Kh5 54.Kf6 Kh4 55.Rd3 h5 56.Rd1 g4
57.hxg4 hxg4 {#R} 0-1